| 000 | 01085cam a2200265 4500 | ||
|---|---|---|---|
| 008 | 030617n2003 000 0 eng u | ||
| 020 | _a0406946000 | ||
| 035 | _a(Sirsi) u122633 | ||
| 041 | _aeng. | ||
| 050 |
_a346.41078 _c18 |
||
| 100 | _aBailey, Edward | ||
| 245 | _aVoluntary arrangements | ||
| 260 |
_aLondon _bLexisNexis _c2003 |
||
| 300 |
_axl, 565p. _bill. _c25cm. |
||
| 350 | _a35 | ||
| 520 | _aOffers a comprehensive explanation of the law relating to all aspects of Voluntary Arrangements, which form part of government's recent resolve to promote a 'rescue culture' in the UK economy. The text includes all the relevant statutory materials, together with forms and precedents for drafting Proposals and Terms of Arrangement, and for taking proceedings in connection with Voluntary Arrangements. | ||
| 650 | _aINSOLVENCY ACT 2000 | ||
| 650 | _aINSOLVENCY LAW | ||
| 650 | _aENTERPRISE ACT 2002 | ||
| 650 | _aVOLUNTARY ARRANGEMENTS | ||
| 650 | _aCOMPANY VOLUNTARY ARRANGEMENTS | ||
| 650 | _aPARTNERSHIP VOLUNTARY ARRANGEMENT | ||
| 690 | _aLAW | ||
| 942 | _n0 | ||
| 999 |
_c102890 _d102890 |
||